000 00597nam a2200241Ia 4500
003 OSt
005 20220924134701.0
006 a|||||r|||| 00| 0
007 ta
008 220923b |||||||| |||| 00| 0 ben d
024 _a285685
037 _cTextual
040 _aARTS
_cARTS
_bben
041 _2ben
_aben
082 _aO157,6x, K0
100 _aBishi Promonath
_9209019
245 0 _aBangla gadder padanko
260 _c1960
300 _a382p.
_ccm.
650 _aBENGALI LITERATURE
942 _hO157,6x, K0
_cTEXL
_2CC
999 _c438248
_d438248